| 000 | 01095cam a22003014a 4500 | ||
|---|---|---|---|
| 001 | 15771542 | ||
| 003 | OSt | ||
| 005 | 20150408114046.0 | ||
| 008 | 120623s2010 nyua b 001 0 eng c | ||
| 010 | _a | ||
| 020 | _a9781441909183 (hbk. : alk. paper) | ||
| 020 | _a1441909184 (hbk. : alk. paper) | ||
| 040 | _cMU | ||
| 082 | 0 | 0 |
_a572.696 R E R _222 |
| 245 | 0 | 0 |
_aRecognition receptors in biosensors / _cMohammed Zourob, editor. |
| 260 |
_aNew York ; _aLondon : _bSpringer, _c2010. |
||
| 300 |
_axvi, 863 p. : _bill. ; _c24 cm. |
||
| 504 | _aIncludes bibliographical references and index. | ||
| 650 | 4 |
_aBiosensors. _916045 |
|
| 650 | 4 |
_aCell receptors. _916046 |
|
| 650 | 4 |
_aBiosensing Techniques _xmethods. _916047 |
|
| 650 | 4 |
_aReceptors, Cell Surface. _916048 |
|
| 700 | 1 |
_aZourob, Mohammed. _916049 |
|
| 906 |
_a7 _bcbc _cpccadap _d2 _encip _f20 _gy-gencatlg |
||
| 942 |
_2ddc _cDVD |
||
| 999 |
_c24204 _d258704 |
||